Statistics for AFI 100 Best Heroes and Villains

Click here to take the quiz!

General Stats

  • This quiz has been taken 2,288 times
  • The average score is 42 of 100

Answer Stats

#MovieHero% Correct
2Raiders of the Lost ArkIndiana Jones
93%
3The Empire Strikes BackDarth Vader
92%
1The Silence of the LambsDr. Hannibal Lecter
89%
7RockyRocky Balboa
89%
46BatmanBatman
87%
21GandhiMahatma Gandhi
87%
26SupermanSuperman
87%
3Dr. NoJames Bond
85%
14Star WarsHan Solo
84%
18The Adventures of Robin HoodRobin Hood
84%
13Schindler's ListOskar Schindler
82%
48Terminator 2: Judgment DayTerminator
82%
22The TerminatorTerminator
82%
45BatmanThe Joker
82%
22SpartacusSpartacus
80%
34Tarzan the Ape ManTarzan
80%
4The Wizard of OzThe Wicked Witch of the West
80%
33DraculaCount Dracula
79%
39One Hundred and One DalmationsCruella De Vil
77%
45The Mark of ZorroZorro
77%
31Erin BrockovichErin Brochovich
76%
18JawsThe Shark
76%
2PsychoNorman Bates
75%
20Butch Cassidy & the Sundance KidButch Cassidy & the Sundance Kid
74%
14AlienThe Alien
73%
10Lawrence of ArabiaT.E. Lawrence
72%
1To Kill a MockingbirdAtticus Finch
70%
40A Nightmare on Elm StreetFreddy Krueger
70%
20BambiMan
69%
11Mr. Smith Goes to WashingtonJefferson Smith
68%
29PattonGeneral George Patton
67%
43The Ten CommandmentsMoses
67%
39Lassie Come HomeLassie
65%
8AliensEllen Ripley
62%
6The Silence of the LambsClarice Starling
59%
37Star WarsObi-Wan Kenobi
59%
132001: A Space OdysseyHAL 9000
56%
49GoldfingerAuric Goldfinger
55%
41Goodbye, Mr. ChipsArthur Chipping
54%
50GladiatorGeneral Maximus Decimus Meridus
54%
10Snow White and the Seven DwarfsThe Queen
54%
16ShaneShane
53%
35Seargant YorkSeargant Alvin York
49%
40SerpicoFrank Serpico
48%
46Die HardHans Gruber
48%
24Wall StreetGordon Gekko
47%
15Norma RaeNorma Rae Webster
46%
11The Godfather: Part IIMichael Corleone
45%
5One Flew Over the Cuckoo's NestNurse Ratched
43%
27The War of the WorldsThe Martians
43%
17Dirty HarryHarry Callahan
41%
25The ShiningJack Torrance
38%
47ScarfaceTony Camonte
35%
48The Usual SuspectsVerbal Kint
35%
9It's a Wonderful LifeGeorge Bailey
32%
30Taxi DriverTravis Bickle
30%
25The Pride of the YankeesLou Gehrig
29%
4CasablancaRick Blaine
28%
9The ExorcistRegan MacNeil
26%
19In the Heat of the NightVirgil Tibbs
25%
41Mommie DearestJoan Crawford
23%
47SilkwoodKaren Silkwood
23%
36True GritRooster Cogburn
22%
12The Grapes of WrathTom Joad
22%
6It's a Wonderful LifeMr. Potter
21%
12A Clockwork OrangeAlex DeLarge
19%
27All the President's MenBob Woodward & Carl Bernstein
18%
32Bonnie and ClydeClyde Barrow & Bonnie Parker
18%
38City LightsThe Tramp
18%
17MiseryAnnie Wilkes
17%
19Mutiny on the BountyCaptain Bligh
17%
44The French ConnectionJimmy "Popeye" Doyle
17%
15Schindler's ListAmon Goeth
16%
44Whatever Happened to Baby Jane?Baby Jane Hudson
16%
2812 Angry MenJuror #8
16%
33FargoMarge Gunderson
16%
28Cape FearMax Cady
11%
37The Third ManHarry Lime
8%
32The Big SleepPhilip Marlowe
8%
7Fatal AttractionAlex Forrest
7%
50Training DayAlonzo Harris
7%
5High NoonWill Kane
7%
31RebeccaMrs. Danvers
6%
23On the WaterfrontTerry Malloy
6%
49PhiladelphiaAndrew Beckett
5%
23All About EveEve Harrington
5%
42Boys TownFather Edward
5%
36Blue VelvetFrank Booth
5%
30Cool Hand LukeLuke Jackson
4%
26White HeatCody Jarrett
3%
34Marathon ManDr. Szell
3%
16ChinatownNoah Cross
3%
29The Night of the HunterReverend Harry Powell
3%
42The Public EnemyTom Powers
3%
35Sweet Smell of SuccessJ.J. Hunsecker
2%
21The Manchurian CandidateMrs. Eleanor Iselin
2%
8Double IndemnityPhyllis Dietrichson
2%
43The Little FoxesRegina Giddens
2%
24Thelma & LouiseThelma Dickerson & Louise Sawyer
2%
38Little CaesarCaesar Enrico Bandello
1%

Score Distribution

Percentile by Number Answered

Percent of People with Each Score

Your Score History

You have not taken this quiz